"See you again" Wiz khalifa (fast and furious 7) - Statistics

General Stats
  • This quiz has been taken 1,100 times
  • The average score is 13 of 21
Answer Stats
Hint Answer % Correct
It's been a ____ day without you, my friend Long
100%
And I'll tell you all about it when _ ___ ___ _____ I see you again
96%
Oh, I'll tell you ___ ____ it when I see you again When I see you again All About
94%
We've come a long way from where we _____ Began
90%
We've ____ a long way (yeah, we came a long way) from where we began (you know we started) Oh, I'll tell you all about it when I see you again (let me tell you) When I see you again come
74%
It's been a ____ ___ ______, my friend And I'll tell you all about it when I see you again (I see you again) long day without
73%
Uh How can we not ____ ____ ____ when family's all that we got? talk about family
72%
That I'll be ________ right here talking to you 'Bout another path I know we loved to hit the road and laugh Standing
70%
But something told me that it wouldn't last Had to switch up Look at things different, see the ______ _______ bigger picture
68%
Damn, who knew? All the ____ we flew Good things we've been through Planes
68%
Everything I went through you were standing there by my side And now you gon' be with me for the ____ ____ last ride
65%
And what's small turn to a friendship A friendship turn to a ____ And that ____ will never be broken Bond
63%
Those were the days ____ ____ forever pays Now I see you in a better place (see you in a better place) hard work
62%
Established it on our own When that line had to be drawn And that line is what we reach So remember me when __ ____ (remember me when I'm gone) im gone
59%
It's been a long day without you, my friend And I'll tell you all about it when I see you again We've come a long way from where we began Oh, I'll ____ ___ ___about it when I see you again When I see you again tell you all
55%
How can we not talk about family when family's all that we got? Everything I went through you were standing there by my side And now you gon' be with me ___ ___ ____ ____ for the last ride
51%
So let the light guide your way, yeah Hold every memory as you go And every ____ ___ ____, will always lead you home, home road you take
40%
The love will never get lost (and the love will never get lost) And when __________ come first Then the line will never be crossed Brotherhood
38%
First you both go out your way And the ____ is feeling strong vibe
36%
(Aah oh) (Uh) (Aah oh) (Yeah) (Wooooh-oh-oh-oh-oh-oh) (Ya, ya) ____ _ ___ ___ ____ when i see you again
35%
(Uh) ___ ___ ____ (Wooooh-oh-oh-oh-oh-oh) (Yeah, yeah, uh-huh) When I see you again see you again
33%
No matching quizzes found
Score Distribution
Percent of People with Each Score
Percentile by Number Answered
Your Score History
You have not taken this quiz